000 01034nam2a2200229 4500
001 RU\NLR\ONL1\16702
005 20250613122819.0
035 _a(NLR Aleph) 009645440
090 _a9562266
_c9562266
100 _a20100512d1938 |||y0rusy50 ca
101 0 _amdf
102 _aRU
105 _aa |||||||||
200 0 _aЧ.1
_eначальнай школань 3-це кл. тонафнема книга
210 _d1938
_aБ. м.
215 _a136,[4] c.
_cил.
461 0 _1001RU\NLR\ONL1\16701
_12001#$aГеография$eнач. школаса тонафнема книга$fЛ. Г. Терехова и В. Г. Эрдели$vЧ. 1
_1700#1$aТерехова$bЛ. Г.$gЛидия Григорьевна$4070
_99562264
_aТерехова, Л. Г.
_cМ.
_d1938
_fЛ. Г. Терехова и В. Г. Эрдели
_nУчпедгиз
_oнач. школаса тонафнема книга
_tГеография
_vЧ. 1
801 0 _aRU
_bNLR
_c20100512
_gPSBO
852 _aNLR
_bОНЛ
_jМорд.м./3-26
942 _cBOOK
980 _aNB